Detalles MARC
| 000 -LEADER |
| campo de control de longitud fija |
01767cam a2200397 a 4500 |
| 001 - NÚMERO DE CONTROL |
| campo de control |
14533326 |
| 003 - IDENTIFICADOR DE NÚMERO DE CONTROL |
| campo de control |
PE-LiUPU |
| 005 - FECHA Y HORA DE LA ÚLTIMA TRANSACCIÓN |
| campo de control |
20250731184119.0 |
| 008 - DATOS DE LONGITUD FIJA--INFORMACIÓN GENERAL |
| campo de control de longitud fija |
060905s2007 nyubj 000 1 eng |
| 010 ## - NÚMERO DE CONTROL DE LA BIBLIOTECA DEL CONGRESO |
| Número de control de LC |
|
| 020 ## - NÚMERO INTERNACIONAL ESTÁNDAR DEL LIBRO |
| Número Internacional Estándar del Libro |
0312328311 |
| 020 ## - NÚMERO INTERNACIONAL ESTÁNDAR DEL LIBRO |
| Número Internacional Estándar del Libro |
9780312328313 |
| 035 ## - NÚMERO DE CONTROL DEL SISTEMA |
| Número de control de sistema |
(OCoLC)ocm71288813 |
| 040 ## - FUENTE DE CATALOGACIÓN |
| Centro catalogador/agencia de origen |
PE-LiUPU |
| Centro/agencia transcriptor |
PE-LiUPU |
| Lengua de catalogación |
eng |
| Normas de descripción |
rda |
| 082 00 - NÚMERO DE LA CLASIFICACIÓN DECIMAL DEWEY |
| Número de clasificación |
813.54 |
| Cutter |
S275r |
| 100 ## - ENTRADA PRINCIPAL--NOMBRE DE PERSONA |
| Nombre de persona |
Saylor, Steven |
| Fechas asociadas al nombre |
1956- |
| 9 (RLIN) |
645 |
| Término indicativo de función/relación |
Autor. |
| 245 10 - MENCIÓN DEL TÍTULO |
| Título |
Roma : |
| Resto del título |
The novel of ancient Rome / |
| Mención de responsabilidad, etc. |
Steven Saylor. |
| 250 ## - MENCION DE EDICION |
| Mención de edición |
1a Edicion. |
| 264 ## - PRODUCCIÓN, PUBLICACIÓN, DISTRIBUCIÓN, FABRICACIÓN Y COPYRIGHT |
| Producción, publicación, distribución, fabricación y copyright |
New York : |
| Nombre del de productor, editor, distribuidor, fabricante |
St. Martin's Press, |
| Fecha de producción, publicación, distribución, fabricación o copyright |
2007. |
| 300 ## - DESCRIPCIÓN FÍSICA |
| Extensión |
555 páginas : |
| Otras características físicas |
Mapas, tablas ; |
| Dimensiones |
25 centímetros |
| 505 0# - NOTA DE CONTENIDO CON FORMATO |
| Nota de contenido con formato |
Family tree -- Names of the Roman months -- Map of the Roman world -- A stop on the salt route (1000 B.C.) -- A demigod passes through (850 B.C.) -- The twins (757-716 B.C.) -- Coriolanus (510-491 B.C.) -- The twelve tables (450-449 B.C.) -- The vestal (393-373 B.C.) -- The architect of his own fortune (312-279 B.C.) -- Scipio's shadow (216-183 B.C.) -- Friend of the Gracchi (146-121 B.C.) -- Heads in the Forum (81-74 B.C.) -- Caesar's heir (44-1 B.C.) |
| 526 ## - NOTA DE INFORMACIÓN SOBRE EL PROGRAMA DE ESTUDIO |
| Nombre del programa |
Comunicación Y Periodismo |
| 526 ## - NOTA DE INFORMACIÓN SOBRE EL PROGRAMA DE ESTUDIO |
| Nombre del programa |
Educación, Especialidad Inglés Y Español (A Distancia) |
| 526 ## - NOTA DE INFORMACIÓN SOBRE EL PROGRAMA DE ESTUDIO |
| Nombre del programa |
Educación, Especialidad Inglés Y Español |
| 526 ## - NOTA DE INFORMACIÓN SOBRE EL PROGRAMA DE ESTUDIO |
| Nombre del programa |
Educación secundaria, especialidad lingüística e inglés |
| 526 ## - NOTA DE INFORMACIÓN SOBRE EL PROGRAMA DE ESTUDIO |
| Nombre del programa |
Ciencias de la comunicación |
| 650 #0 - PUNTO DE ACCESO ADICIONAL DE MATERIA--TÉRMINO DE MATERIA |
| 9 (RLIN) |
646 |
| Término de materia o nombre geográfico como elemento de entrada |
Novela estadounidense |
| Subdivisión general |
Ficción |
| 650 #0 - PUNTO DE ACCESO ADICIONAL DE MATERIA--TÉRMINO DE MATERIA |
| 9 (RLIN) |
648 |
| Término de materia o nombre geográfico como elemento de entrada |
Novela policiaca |
| 650 #0 - PUNTO DE ACCESO ADICIONAL DE MATERIA--TÉRMINO DE MATERIA |
| 9 (RLIN) |
649 |
| Término de materia o nombre geográfico como elemento de entrada |
Novela histórica |
| 651 #0 - PUNTO DE ACCESO ADICIONAL DE MATERIA--NOMBRE GEOGRÁFICO |
| Nombre geográfico |
Rome |
| Subdivisión general |
History |
| Subdivisión de forma |
Fiction. |
| 9 (RLIN) |
647 |
| 700 ## - ENTRADA AGREGADA--NOMBRE PERSONAL |
| 9 (RLIN) |
650 |
| Nombre de persona |
Walsh, Susan |
| Término indicativo de función/relación |
Diseño de Libro. |
| 856 41 - LOCALIZACIÓN Y ACCESO ELECTRÓNICOS |
| Materiales especificados |
Sample text |
| Identificador Uniforme de Recursos |
<a href="http://www.loc.gov/catdir/enhancements/fy0711/2006051179-s.html">http://www.loc.gov/catdir/enhancements/fy0711/2006051179-s.html</a> |
| 856 42 - LOCALIZACIÓN Y ACCESO ELECTRÓNICOS |
| Materiales especificados |
Publisher description |
| Identificador Uniforme de Recursos |
<a href="http://www.loc.gov/catdir/enhancements/fy0730/2006051179-d.html">http://www.loc.gov/catdir/enhancements/fy0730/2006051179-d.html</a> |
| 942 ## - ELEMENTOS DE ENTRADA SECUNDARIOS (KOHA) |
| Fuente del sistema de clasificación o colocación |
Clasificación Decimal Dewey |
| Tipo de ítem Koha |
Libros físicos |
| Suprimir en OPAC |
No |
| 980 ## - EQUIVALENCIA O REFERENCIA-CRUZADA-MENCIÓN DE SERIE--NOMBRE DE PERSONA/TÍTULO [LOCAL, CANADÁ] |
| ID del usuario creador del registro |
22041 |
| Nombre del creador del registro |
ELI VALDERRAMA Analista Documental |
| ID del último usuario que modificó el registro |
1 |
| Nombre del último usuario que modificó el registro |
ALBERTO SANCHEZ Responsable de Automatización |